England's 2018 World Cup Squad Quiz Stats

 Plays Quiz Updated Jun 18, 2018

Score 0/24 Timer 07:00
10 Plays Today
Position Player name % Correct
FWHarry Kane (C)
96.1%
FWJamie Vardy
90.8%
FWRaheem Sterling
90.2%
GKJordan Pickford
89%
FWMarcus Rashford
89%
MFDele Alli
88%
DFJohn Stones
87.4%
MFJordan Henderson
86.1%
DFKyle Walker
85.9%
DFGary Cahill
83.2%
GKJack Butland
82.6%
DFPhil Jones
82.3%
Position Player name % Correct
MFEric Dier
82.3%
CoachGareth Southgate
81.9%
DFDanny Rose
80.3%
FWDanny Welbeck
79%
DFKieran Trippier
78.8%
DFAshley Young
78.4%
DFHarry Maguire
78.2%
MFJesse Lingard
78.1%
DFTrent Alexander-Arnold
77%
GKNick Pope
74.4%
MFRuben Loftus-Cheek
66.7%
DFFabian Delph
65%

You're not logged in!

Compare scores with friends on all Sporcle quizzes.
OR
Log In

Show Comments

Extras

Top Quizzes Today


Score Distribution

Your Account Isn't Verified!

In order to create a playlist on Sporcle, you need to verify the email address you used during registration. Go to your Sporcle Settings to finish the process.

Report this User

Report this user for behavior that violates our Community Guidelines.

Details: